000
00255nam a22001217a 4500
008
170530b xxu||||| |||| 00| 0 eng d
041
_a
eng
080
_a
94
100
_a
17
101
_a
SHH
245
_a
GREAT LAKES COUNTRY
_c
MCKEE,R
942
_2
udc
_c
BK
999
_c
15035
_d
15035